00360nam a2200133Ia 4500008004100000041001200041082001500053100002400068245004600092250001300138260002400151300001200175650003900187231217s9999 xx 000 0 und d aEnglish a519.2 SAT aSathyanarayana, P S 0aconcepts of information and coding theory a1st ed.  c1992bDynaram Publ. avii+612 aconcepts,information,coding,theory